Datum a čas kvízu
37
Celkem bodů
Celkový počet nahraných bodů na tomto kvízu bez doplňovacích otázek.
3.
Pořadí na kvízu
Konečné umístění týmu na tomto kvízu.
Zaznamenané odpovědi
| # | Otázka | Odpověď | Body | Výsledky |
|---|---|---|---|---|
| 1. | Ve čtvrtek pronásledovali praž... | Rohlík (Rohlík.cz) | 1 | |
| 2. | Konverzační robot umělé inteli... | Adolfa Hitlera | 1 | |
| 3. | Po několika týdnech dohadování... | Rubicon | 0 | |
| 4. | Evropská unie definitivně schv... | Bulharsko | 1 | |
| 5. | V pátek se v Monaku konal dalš... | skok vysoký | 1 | |
| 6. | Chcete-li vidět něco, co velmi... | Moravská Sahara | 0 | |
| 7. | Rejvíz je národní přírodní rez... | A) Jeseníků | 1 | |
| 8. | Chráněná krajinná oblast Pálav... | Pavlovské vrchy, Nové Mlýny (Novomlýnská nádrž) | 1 | |
| 9. | Nyní se podíváme na nejhlubší... | Hranická | 0 | |
| 10. | Zde vidíme výhled z rozhledny... | Králický Sněžník | 0 |